000 00350nam a2200145Ia 4500
005 20251222143245.0
008 251222s9999||||xx |||||||||||||| ||spa||
020 _a978-84-8086-901-0
082 _a610.724/B96/2012
100 _aBurns, Nancy
245 0 _aInvestigación en Enfermería:
250 _a5a.ed.
264 _bElsevier
942 _cLIB
999 _c14721
_d14721